The Making of an Expert Engineer (Record no. 478399)

000 -LEADER
fixed length control field 00434nam a22001697a 4500
003 - CONTROL NUMBER IDENTIFIER
control field NUST
005 - DATE AND TIME OF LATEST TRANSACTION
control field 20180528071009.0
008 - FIXED-LENGTH DATA ELEMENTS--GENERAL INFORMATION
fixed length control field 180528b ||||| |||| 00| 0 eng d
020 ## - INTERNATIONAL STANDARD BOOK NUMBER
International Standard Book Number 9781138126926
038 ## - RECORD CONTENT LICENSOR
Staff Name SNS Library
082 ## - DEWEY DECIMAL CLASSIFICATION NUMBER
Classification number 620
100 ## - MAIN ENTRY--PERSONAL NAME
Personal name James Trevelyan
9 (RLIN) 10545
245 ## - TITLE STATEMENT
Title The Making of an Expert Engineer
Statement of responsibility, etc. James Trevelyan
260 ## - PUBLICATION, DISTRIBUTION, ETC.
Place of publication, distribution, etc. London
Name of publisher, distributor, etc. CRC Press
Date of publication, distribution, etc. 2016
300 ## - PHYSICAL DESCRIPTION
Extent 581 P.
Other physical details Pb.
942 ## - ADDED ENTRY ELEMENTS (KOHA)
Source of classification or shelving scheme
Koha item type Book
Holdings
Withdrawn status Lost status Source of classification or shelving scheme Damaged status Not for loan Permanent Location Current Location Date acquired Total Checkouts Full call number Barcode Date last seen Price effective from Koha item type
          School of Natural Sciences (SNS) School of Natural Sciences (SNS) 05/28/2018   620 SNS0002481 05/28/2018 05/28/2018 Book
© 2023 Central Library, National University of Sciences and Technology. All Rights Reserved.